00399nam a2200157Ia 45000010006000000050017000060080041000230410008000640820016000721000031000882450064001192600009001833000033001926500008002256540008002331351420260306164806.0260306t2000||||xx |||||||||||||| ||spa|| aESP a004.6bG91R aGuijarro Coloma, LuiseAUT 0aRedes ATM:bprincipios de interconexión y su aplicación c2000 axiv, 155 páginas :c23 cm. aGEN aCCC